| 000 | 01463nam a22002657a 4500 | ||
|---|---|---|---|
| 001 | 000156756 | ||
| 003 | AM-YeHGA | ||
| 005 | 20250617123204.0 | ||
| 008 | 010709s1970 ru ||||| |||| 00| 0 rus d | ||
| 040 | _aAM-YeHGA | ||
| 041 | 0 | _arus | |
| 245 | 0 | 0 |
_aПроблемы обучения иностранным языкам / _c[Ред. коллегия П.Б. Гурвич, Ю.А. Кудряшов и др.]. |
| 260 |
_aВладимир : _bИзд-во Владимирского гос. пед. ин-та, _c1970. |
||
| 300 | _aт. | ||
| 500 | _aМинистерство просвещения РСФСР | ||
| 505 | 1 | 0 |
_gТ. V, Ч. 1 (1970, 300 с.) _gТ. V, Ч. 2 (1970, 301-484 с.) _gТ. 6 (1975, 264 с.) _tИсследования в области обучения устной речи _gТ. 8 (1973, 354 c.) _gТ. 9 (1975, 152 с.) _gТ. 10 (1975, 170 с.) _tИсследования в области начального обучения иностранным языкам _gТ. 11 (1976, 122 с.) _gТ. 12 (197б, 118 с.) _gТ. 13 (1977; 123 с.) |
| 650 | 1 | 4 | _aАнализ текста |
| 650 | 1 | 4 | _aОбучение устной речи |
| 650 | 1 | 4 | _aОбучение языковому материалу |
| 700 | 1 |
_aГурвич, П.Б. _4edt |
|
| 700 | 1 |
_aКудряшов, Ю.А. _4edt |
|
| 710 | 2 | _aВладимирский гос. пед. ин-т им. П.И. Лебедева-Полянского | |
| 942 |
_2udc _cBK |
||
| 090 | _c54182 | ||
| 999 |
_c53359 _d53359 |
||